| 000 | 00780nam a22002057a 4500 | ||
|---|---|---|---|
| 999 |
_c53876 _d53876 |
||
| 005 | 20220418201800.0 | ||
| 008 | s2550 th tha d | ||
| 020 | _a9789748224367 | ||
| 040 | _aNALT | ||
| 041 | _atha | ||
| 050 |
_aRC 280.L9 _bส261อ 2550 |
||
| 100 | 0 |
_aสมปอง ทองทวี _948740 |
|
| 245 | 1 | 0 |
_aอยู่กับมะเร็ง / _cสมปอง ทองทวี |
| 260 |
_aกรุงเทพฯ : _bใกล้หมอ, _c2550 |
||
| 300 |
_a104 หน้า : _bภาพประกอบ ; _c21 ซม. |
||
| 650 | 4 |
_aต่อมน้ำเหลือง _948741 _xมะเร็ง _xการรักษา |
|
| 650 | 0 |
_aมะเร็ง _xการรักษา _919132 |
|
| 850 | _aNALT | ||
| 942 |
_cGB _2lcc |
||
| 998 |
_j1020 _k จำเรียง ระวังสำโรง |
||